[Event "AUTO-OPEN-971"]
[Site "http://www.queenalice.com/game.php?id=337083"]
[Date "2008.1.15"]
[Round "1"]
[White "owlshead"]
[Black "RJGF"]
[Result "1-0"]
[WhiteElo "1401"]
[BlackElo "1705"]

1. e4 e5 2. Nf3 Nc6 3. Bb5 a6 4. Ba4 b5 5. Bb3 Nf6 6. Nc3 d6 7. Ng5 Be6 8. Nxe6
fxe6 9. Bxe6 Nd4 10. Bh3 c6 11. g3 d5 12. d3 dxe4 13. Bg2 exd3 14. Bxc6+ Nxc6
15. cxd3 Bb4 16. Bd2 Qxd3 17. Qe2 Qxe2+ 18. Nxe2 Bxd2+ 19. Kxd2 Rd8+ 20. Ke3
Ng4+ 21. Kf3 1-0

[Event "AUTO-OPEN-971"]
[Site "http://www.queenalice.com/game.php?id=337084"]
[Date "2008.1.15"]
[Round "1"]
[White "RJGF"]
[Black "owlshead"]
[Result "1-0"]
[WhiteElo "1849"]
[BlackElo "1401"]

1. e4 e5 2. Nf3 d6 3. d4 Nd7 4. dxe5 dxe5 5. Bc4 h6 6. O-O Bd6 7. Nc3 Nb6 8. Bb3
Nf6 9. Re1 Qe7 10. Nd5 Qd8 11. Nxf6+ Qxf6 12. c4 Qd8 13. Be3 c5 14. Qc2 O-O 15.
Rad1 Qe7 16. a4 Nd7 17. Qd3 Nf6 18. Qxd6 Qxd6 19. Rxd6 Nxe4 20. Rd5 Be6 21. Rxe5
Nd6 22. Bxc5 1-0

[Event "AUTO-INT-892"]
[Site "http://www.queenalice.com/game.php?id=399051"]
[Date "2008.5.7"]
[Round "1"]
[White "owlshead"]
[Black "joaohumberto"]
[Result "0-1"]
[WhiteElo "1477"]
[BlackElo "1662"]

1. e4 e5 2. f4 exf4 3. Nf3 Nf6 4. Nc3 c6 5. d4 Qe7 6. Bd3 g5 7. Nxg5 d5 8. Qf3
h6 9. Nh3 Ng4 10. Bxf4 Na6 11. Nf2 h5 12. O-O Bh6 13. Rae1 O-O 14. Bxh6 Re8 15.
Bc1 Qh4 16. Bf4 Nb4 17. exd5 Nxd5 18. Rxe8+ Kg7 19. Nce4 Nde3 0-1

[Event "AUTO-INT-892"]
[Site "http://www.queenalice.com/game.php?id=399052"]
[Date "2008.5.7"]
[Round "1"]
[White "joaohumberto"]
[Black "owlshead"]
[Result "1-0"]
[WhiteElo "1652"]
[BlackElo "1494"]

1. d4 Nf6 2. f3 d5 3. e3 c5 4. dxc5 Nc6 5. Nc3 e6 6. Bb5 Bd7 7. a4 Qc7 8. Bxc6
Qxc6 9. Nh3 Qxc5 10. O-O Qa5 11. Bd2 h6 12. Nxd5 Qxd5 13. e4 Qc5+ 14. Nf2 Bc6
15. b4 Qc4 16. Nd3 Be7 17. Ne5 Qd4+ 18. Rf2 Qxe5 19. Ra3 O-O 20. Qe1 1-0

[Event "AUTO-INT-892"]
[Site "http://www.queenalice.com/game.php?id=399053"]
[Date "2008.5.7"]
[Round "1"]
[White "owlshead"]
[Black "luizantoniosetti"]
[Result "0-1"]
[WhiteElo "1494"]
[BlackElo "2089"]

1. e4 e6 2. d4 d5 3. Nd2 Nf6 4. e5 Nfd7 5. Bd3 c5 6. c3 cxd4 7. cxd4 Nc6 8. Ngf3
f6 9. O-O fxe5 10. Ne1 exd4 11. Nb3 Qf6 12. Nf3 e5 13. Bg5 Qf7 14. Qe2 h6 15.
Bd2 Be7 16. a3 e4 17. Bxe4 dxe4 18. Nfxd4 Nf6 19. Be3 Bg4 20. Qc4 Qxc4 0-1

[Event "AUTO-INT-892"]
[Site "http://www.queenalice.com/game.php?id=399054"]
[Date "2008.5.7"]
[Round "1"]
[White "luizantoniosetti"]
[Black "owlshead"]
[Result "1-0"]
[WhiteElo "2013"]
[BlackElo "1494"]

1. d4 Nf6 2. c4 e6 3. Nc3 Bb4 4. Qc2 O-O 5. e4 d5 6. e5 Nfd7 7. a3 Ba5 8. b4 Bb6
9. c5 c6 10. cxb6 Nxb6 11. Bd3 Bd7 12. Bxh7+ Kh8 13. Nf3 Be8 14. Ng5 f5 15. Nxe6
1-0

[Event "AUTO-INT-892"]
[Site "http://www.queenalice.com/game.php?id=399055"]
[Date "2008.5.7"]
[Round "1"]
[White "owlshead"]
[Black "jope"]
[Result "0-1"]
[WhiteElo "1516"]
[BlackElo "1672"]

1. e4 c5 2. Nf3 d6 3. d4 cxd4 4. Nxd4 e5 5. Bb5+ Bd7 6. Bxd7+ Nxd7 7. Nf5 Nc5 8.
Nc3 g6 9. Ne3 Nf6 10. f3 Bg7 11. b4 Ne6 12. Bb2 O-O 13. Qd2 Qb6 14. a3 Bh6 15.
Bc1 Rac8 16. Bb2 Bxe3 0-1

[Event "AUTO-INT-892"]
[Site "http://www.queenalice.com/game.php?id=399056"]
[Date "2008.5.7"]
[Round "1"]
[White "jope"]
[Black "owlshead"]
[Result "1-0"]
[WhiteElo "1789"]
[BlackElo "1462"]

1. e4 e5 2. Nf3 Nc6 3. Bb5 Nf6 4. Bxc6 dxc6 5. h3 Bb4 6. a3 Bd6 7. Nc3 Be6 8. d4
exd4 9. Nxd4 Bc8 10. O-O c5 11. Nf3 Be7 12. Qe2 Nd7 13. b3 O-O 14. Bb2 c6 15.
Rad1 Qc7 16. Qe3 Bf6 17. Rfe1 Re8 18. Ne2 Bxb2 19. a4 Bf6 20. Ng3 Ne5 21. Nh5
Be7 22. Ng5 h6 23. Nf3 Nxf3+ 24. Qxf3 Qe5 25. Ng3 g6 26. Qe3 Be6 27. Qxh6 Bg5
28. f4 Bxf4 29. Qh4 Bxg3 30. Qh6 1-0

[Event "Let's Play Chess!"]
[Site "http://www.queenalice.com/game.php?id=693191"]
[Date "2009.12.5"]
[Round "-"]
[White "owlshead"]
[Black "egs19690901"]
[Result "0-1"]
[WhiteElo "1390"]
[BlackElo "1570"]

1. e4 e5 2. Nf3 Nc6 3. Bc4 Bc5 4. O-O d6 5. Nc3 Nh6 6. b3 Ng4 7. h3 Bxf2+ 8. Kh1
Bc5 9. Nd5 O-O 10. d3 Nf2+ 0-1

[Event "AUTO-INT-1538"]
[Site "http://www.queenalice.com/game.php?id=693511"]
[Date "2009.12.5"]
[Round "1"]
[White "owlshead"]
[Black "danqueiroz"]
[Result "1-0"]
[WhiteElo "1394"]
[BlackElo "1503"]

1. e4 d5 2. Nc3 d4 3. Nd5 c6 4. Nf4 f5 5. d3 e5 6. Nfe2 f4 7. Nf3 Nf6 8. Nxe5
Bb4+ 9. Bd2 Qa5 10. Nxf4 Bxd2+ 11. Qxd2 Qxe5 12. Be2 Bg4 13. f3 Nbd7 14. h3 Bh5
15. O-O Nc5 16. Rab1 g6 17. c3 g5 18. Nxh5 Nxh5 19. Qd1 Rd8 20. Qd2 Ng3 21. Rfe1
dxc3 22. bxc3 h5 23. d4 Qf4 24. Qxf4 gxf4 25. dxc5 Rd2 26. Kf2 Rxa2 27. Rxb7 a5
28. Rc7 Kd8 29. Rxc6 Nxe2 30. Rxe2 Rxe2+ 31. Kxe2 Re8 32. h4 Kd7 33. Ra6 Rc8 34.
Rxa5 Kc6 35. c4 Rc7 36. Kd3 Rd7+ 37. Kc3 Rd1 38. Kb4 Rd2 39. Ra6+ Kb7 40. Rg6
Kc7 41. Rg5 Rb2+ 42. Kc3 Re2 43. e5 Re3+ 44. Kd4 1-0

[Event "AUTO-INT-1538"]
[Site "http://www.queenalice.com/game.php?id=693528"]
[Date "2009.12.5"]
[Round "1"]
[White "owlshead"]
[Black "widad"]
[Result "0-1"]
[WhiteElo "1430"]
[BlackElo "1438"]

1. e4 c5 2. Nf3 Nc6 3. d4 cxd4 4. Nxd4 e5 5. Nf3 Bc5 6. Be3 Bxe3 7. fxe3 d6 8.
Bb5 Bg4 9. Nbd2 Bxf3 10. Qxf3 Qf6 11. O-O Ke7 12. Bxc6 bxc6 13. Qg3 Qg6 14. Rad1
Qxg3 15. hxg3 Nf6 16. Rf5 Ng4 17. Rdf1 f6 18. Rg5 Nxe3 19. Rxf6 Kxf6 20. Rf5+
Nxf5 0-1

[Event "AUTO-INT-1538"]
[Site "http://www.queenalice.com/game.php?id=693530"]
[Date "2009.12.5"]
[Round "1"]
[White "owlshead"]
[Black "juim"]
[Result "0-1"]
[WhiteElo "1399"]
[BlackElo "1692"]

1. e4 a5 2. Nc3 e5 3. Bc4 Bb4 4. Nf3 Bxc3 5. bxc3 Nf6 6. Bb2 Nxe4 7. Nxe5 Rf8 8.
O-O d5 9. Bd3 Ng5 10. c4 dxc4 11. Be2 Be6 12. Bxc4 Bxc4 13. Nxc4 Ne6 14. c3 Nc6
15. Ba3 Rg8 16. d4 Ng5 17. Qg4 h6 18. Rfe1+ Ne7 19. Qe2 Qd7 20. Bxe7 Ne6 21. Bh4
Qc6 22. Bg3 Qd7 23. a4 O-O-O 24. Ne5 Qe7 25. Qe4 Ng5 26. Qe3 Rge8 27. h3 f5 28.
Bf4 Ne4 29. g3 b6 30. f3 g5 31. Bxg5 hxg5 32. fxe4 Qh7 33. Nc6 Rxe4 34. Qxg5 Rg8
0-1

[Event "AUTO-INT-1538"]
[Site "http://www.queenalice.com/game.php?id=693531"]
[Date "2009.12.5"]
[Round "1"]
[White "juim"]
[Black "owlshead"]
[Result "1-0"]
[WhiteElo "1614"]
[BlackElo "1379"]

1. e4 e5 2. d4 Nc6 3. d5 Nd4 4. Be3 Bc5 5. Nf3 f6 6. Bc4 d6 7. Nxd4 exd4 8. Bxd4
Ne7 9. Bxc5 dxc5 10. Nc3 O-O 11. d6+ Kh8 12. dxe7 Qxe7 13. Bd3 c6 14. Qf3 Be6
15. O-O Rfd8 16. e5 fxe5 17. Qh5 Bf7 18. Qxh7# 1-0

[Event "Challenge"]
[Site "http://www.queenalice.com/game.php?id=693611"]
[Date "2009.12.6"]
[Round "-"]
[White "Leof"]
[Black "owlshead"]
[Result "0-1"]
[WhiteElo "1577"]
[BlackElo "1371"]

1. e4 e5 2. d4 Nc6 3. dxe5 Nxe5 4. f4 Nc6 5. e5 Nge7 6. Nf3 g6 7. b3 Bg7 8. Bb2
Nf5 9. Qd2 O-O 10. g4 Nfe7 11. Nc3 b6 12. Ba3 Re8 13. O-O-O Bb7 14. f5 gxf5 15.
h3 Nxe5 16. Nxe5 Bxe5 17. Rg1 Ng6 18. gxf5 Qf6 19. Qd3 Bxc3 20. Rg3 d6 21. fxg6
fxg6 22. Qc4+ d5 23. Qxc7 Bc6 24. Rg4 Rac8 25. Qxa7 Ba5 0-1

[Event "Challenge"]
[Site "http://www.queenalice.com/game.php?id=706938"]
[Date "2010.1.1"]
[Round "-"]
[White "billystar"]
[Black "owlshead"]
[Result "0-1"]
[WhiteElo "1361"]
[BlackElo "1415"]

1. Nc3 e5 2. e4 Nc6 3. d3 d6 4. Be3 Be7 5. g3 Be6 6. Be2 Nf6 7. a3 O-O 8. Bg5
Nd4 9. Bxf6 Bxf6 10. Nd5 c6 11. Ne3 Qb6 12. Qc1 c5 13. Nc4 Bxc4 14. dxc4 h6 15.
Bd3 Bg5 16. Qb1 Bf6 17. b4 Rad8 18. c3 Nc6 19. Be2 Qc7 20. b5 Ne7 21. Nf3 Ng6
22. h4 Rc8 23. b6 Qb8 24. h5 Ne7 25. Nh4 Rc6 26. bxa7 Qxa7 27. O-O Rb6 28. Qc2
Ra8 29. a4 Ra6 30. Nf5 Nxf5 31. exf5 Ra5 32. Rfb1 b6 33. Bf3 Rb8 34. Bc6 Qc7 35.
Qe4 Qe7 36. Bd5 Kf8 0-1

[Event "AUTO-INT-1633"]
[Site "http://www.queenalice.com/game.php?id=742592"]
[Date "2010.3.7"]
[Round "1"]
[White "widad"]
[Black "owlshead"]
[Result "1-0"]
[WhiteElo "1532"]
[BlackElo "1419"]

1. e4 e5 2. Nf3 Nc6 3. Bc4 Bc5 4. d3 Nf6 5. Bg5 h6 6. Be3 Bxe3 7. fxe3 a6 8.
Nbd2 O-O 9. a3 d6 10. O-O Bg4 11. h3 Bh5 12. Qe1 Qd7 13. Nh2 Bg6 14. Rf2 Qe7 15.
Qe2 Nd7 16. Raf1 d5 17. exd5 Nd8 18. b4 Nb6 19. Bb3 Qd6 20. c4 Nd7 21. c5 Qe7
22. e4 Nf6 23. Ng4 Nxg4 24. Qxg4 f6 25. d6+ 1-0

[Event "AUTO-INT-1633"]
[Site "http://www.queenalice.com/game.php?id=742593"]
[Date "2010.3.7"]
[Round "1"]
[White "owlshead"]
[Black "widad"]
[Result "1-0"]
[WhiteElo "1399"]
[BlackElo "1629"]

1. e4 e5 2. Nf3 Nc6 3. Bb5 d6 4. Nc3 Bd7 5. a3 h6 6. O-O Be7 7. d3 a6 8. Bc4 b5
9. Ba2 Nf6 10. h3 O-O 11. b3 Nd4 12. Nxd4 exd4 13. Ne2 c5 14. Nf4 Rc8 15. Bb2
Nh7 16. Qb1 Bc6 17. Re1 Bf6 18. Ne2 Be5 19. Qc1 Kh8 20. b4 f5 21. Rf1 f4 22. f3
Qh4 23. Qe1 Qxe1 24. Raxe1 Nf6 25. Nc1 Nh5 26. Ne2 Bd7 27. Bd5 Ng3 28. Rf2 Rf6
29. Bc1 Rg6 30. Nxg3 Rxg3 31. Rfe2 Bxh3 32. Bb7 Rc7 33. Bxa6 Bd7 34. Bb2 h5 35.
Rc1 Bg4 36. fxg4 Rxg4 37. Bxb5 f3 38. Rf2 h4 39. Rxf3 g5 40. Kf1 Rf4 41. Bc4 Kg7
42. Ke2 g4 43. Rf2 g3 44. Rxf4 Bxf4 45. Rf1 Kf6 46. Rxf4+ Kg7 47. Rg4+ Kf6 48.
Bc1 1-0

[Event "AUTO-INT-1633"]
[Site "http://www.queenalice.com/game.php?id=742610"]
[Date "2010.3.7"]
[Round "1"]
[White "owlshead"]
[Black "flucris2701"]
[Result "1-0"]
[WhiteElo "1424"]
[BlackElo "1461"]

1. e4 e5 2. Nf3 Nc6 3. Bb5 f6 4. Nc3 a6 5. Bc4 d6 6. b3 Bg4 7. h3 Bxf3 8. Qxf3
Nge7 9. O-O Qd7 10. Bd5 Nxd5 11. Nxd5 O-O-O 12. Bb2 Qf7 13. c3 Qg6 14. d4 exd4
15. cxd4 Qf7 16. Rfe1 Re8 17. a3 Qg6 18. Nf4 Qf7 19. b4 g5 20. Nd5 Bg7 21. Rac1
Kb8 22. Bc3 f5 23. Rcd1 f4 24. Kf1 Qe6 25. Qe2 Bf6 26. Qc4 Qf7 27. Re2 h5 28. f3
1-0

[Event "AUTO-INT-1633"]
[Site "http://www.queenalice.com/game.php?id=742611"]
[Date "2010.3.7"]
[Round "1"]
[White "flucris2701"]
[Black "owlshead"]
[Result "0-1"]
[WhiteElo "1444"]
[BlackElo "1441"]

1. Nc3 e5 2. e4 Nc6 3. Nf3 Nf6 4. Bb5 a6 5. Bxc6 bxc6 6. Nxe5 Bd6 7. Nf3 O-O 8.
O-O Bb7 9. d3 h6 10. Nh4 Bb4 11. Qf3 Qe7 12. Bd2 d6 13. a3 Bc5 14. Be3 Bb6 15.
Bxb6 cxb6 16. Rfe1 c5 17. a4 a5 18. Qg3 Bc6 19. b3 Bd7 20. Nd5 Nxd5 21. exd5 Qf6
22. Nf3 Rad8 23. Nh4 Rde8 24. Rxe8 Rxe8 25. h3 Bc8 26. Rf1 Bf5 27. Nxf5 Qxf5 0-1

[Event "AUTO-INT-1633"]
[Site "http://www.queenalice.com/game.php?id=742612"]
[Date "2010.3.7"]
[Round "1"]
[White "owlshead"]
[Black "Deepankar"]
[Result "0-1"]
[WhiteElo "1408"]
[BlackElo "1584"]

1. e4 e5 2. Nf3 Nc6 3. Bb5 a6 4. Ba4 d6 5. Nc3 Nf6 6. d3 Be7 7. a3 O-O 8. O-O
Be6 9. Be3 b5 10. Bb3 Bxb3 11. cxb3 Qd7 12. h3 Nd8 13. b4 c5 14. bxc5 Nc6 15.
Rc1 dxc5 16. Bg5 Nd4 17. Nd5 Nxd5 18. exd5 Nxf3+ 19. Qxf3 Bxg5 20. Rxc5 Rac8 21.
Rxc8 Rxc8 22. Rd1 Rc2 23. Rb1 Rc5 0-1

[Event "AUTO-INT-1633"]
[Site "http://www.queenalice.com/game.php?id=742613"]
[Date "2010.3.7"]
[Round "1"]
[White "Deepankar"]
[Black "owlshead"]
[Result "1-0"]
[WhiteElo "1574"]
[BlackElo "1429"]

1. e4 e5 2. Nf3 Nc6 3. Bb5 a6 4. Ba4 Bb4 5. c3 Ba5 6. O-O Nge7 7. d4 f6 8. d5
Nb8 9. Be3 O-O 10. d6 Ng6 11. Bb3+ Kh8 12. Na3 Nc6 13. Nc4 Rb8 14. dxc7 Bxc7 15.
Nd6 Bxd6 16. Qxd6 Ra8 17. Rad1 Re8 18. a4 Re6 19. Bxe6 dxe6 20. Qxd8+ Nxd8 21.
Rxd8+ 1-0